Fundamentos de microelectrónica, nanoelectrónica y fotónica
Gespeichert in:
| Hauptverfasser: | , , |
|---|---|
| Format: | Buch |
| Sprache: | Spanisch |
| Veröffentlicht: |
Madrid
Pearson Educación
2005
|
| Schlagworte: | |
| Tags: |
Tag hinzufügen
Keine Tags, Fügen Sie den ersten Tag hinzu!
|
MARC
| LEADER | 00000nam a2200000 a 4500 | ||
|---|---|---|---|
| 001 | UCK7762 | ||
| 003 | CL-VaPUC | ||
| 008 | 051209e20050000SP |||||||||||||||||spa|d | ||
| 020 | |a 8420546518 | ||
| 082 | 0 | 4 | |a 621.381 |b ALB |2 21 |
| 100 | |a Albella Martín, José María |e author |9 497360 | ||
| 700 | 0 | |a Martinez-Duart, José Manuel |e author |9 497361 | |
| 700 | 0 | |a Agulló-Rueda, Fernando |e author |9 497362 | |
| 245 | 1 | 0 | |a Fundamentos de microelectrónica, nanoelectrónica y fotónica |
| 300 | |a 391 p | ||
| 942 | |c BK | ||
| 945 | |d 20051209 00:00:00 |a jtorresc | ||
| 260 | |a Madrid |b Pearson Educación |c 2005 | ||
| 650 | 0 | |a Electrónica |9 263192 | |
| 650 | 0 | |a Tecnología electrónica |9 334386 | |
| 650 | 0 | |a Circuitos electrónicos |9 260204 | |
| 650 | 0 | |a Informática |9 260044 | |
| 650 | 7 | |a MICROELETRONICA |2 CL-VaPUC |9 497363 | |
| 583 | |a last modification |c 20051209 00:00:00 |k Rodrigo Vera | ||
| 999 | |c 315609 |d 315607 | ||
| 952 | |0 0 |1 0 |2 ddc |4 0 |6 621_381000000000000_ALB_2005 |7 0 |8 A |9 389037 |a BIBING |b BIBING |c RES |d 2019-11-22 |i 4191803 |o 621.381 ALB 2005 |p 4191803 |r 2025-01-20 |w 2019-11-22 |y BK |k EIE | ||
| 952 | |0 0 |1 0 |2 ddc |4 0 |6 621_381000000000000_ALB_2005 |7 0 |8 A |9 389038 |a BIBING |b BIBING |c RES |d 2019-11-22 |i 4385373 |o 621.381 ALB 2005 |p 4385373 |r 2025-01-20 |w 2019-11-22 |y BK |k EIE | ||
| 952 | |0 0 |1 0 |2 ddc |4 0 |6 621_381000000000000_ALB_2005 |7 0 |8 A |9 389039 |a BIBING |b BIBING |c RES |d 2019-11-22 |i 4385381 |o 621.381 ALB 2005 |p 4385381 |r 2025-01-20 |w 2019-11-22 |y BK |k EIE | ||
| 952 | |0 0 |1 0 |2 ddc |4 0 |6 621_381000000000000_ALB_2005 |7 0 |8 A |9 389040 |a BIBING |b BIBING |c RES |d 2019-11-22 |i 4482638 |o 621.381 ALB 2005 |p 4482638 |r 2025-01-20 |w 2019-11-22 |y BK |k EIE | ||
| 952 | |0 0 |1 0 |2 ddc |4 0 |6 621_381000000000000_ALB_2005 |7 0 |8 A |9 389041 |a BIBING |b BIBING |c RES |d 2019-11-22 |i 4484053 |o 621.381 ALB 2005 |p 4484053 |r 2025-01-20 |w 2019-11-22 |y BK |k EIE | ||